<The> Stability of Household Production Technology <A> Replication

Gespeichert in:
Bibliographische Detailangaben
1. Verfasser: Rosenzweig, Mark R.
Weitere Verfasser: Schultz, Paul T.
Format: Buch
Sprache:Englisch
Veröffentlicht: New Haven Yale University 1989
Ausgabe:1. ed.
Schriftenreihe:Center Paper No. 413
Tags: Tag hinzufügen
Keine Tags, Fügen Sie das erste Tag hinzu!

MARC

LEADER 00000nam a2200000 4500
001 c039113
005 20221215114444.3
041 0 |a eng 
044 |a US 
245 1 0 |a <The> Stability of Household Production Technology  |b <A> Replication  |c Mark R. Rosenzweig, Paul T. Schultz 
250 |a 1. ed. 
264 1 |a New Haven  |b Yale University  |c 1989 
300 |a S. 536-549 
490 1 |a Center Paper  |v No. 413 
830 0 |a Center Paper  |v No. 413 
100 1 |a Rosenzweig, Mark R. 
700 1 |a Schultz, Paul T.